000
00335nam a2200145Ia 4500
008
240624s9999 xx 000 0 und d
041
_a
eng
082
_a
339 MAN
100
_a
MANKIW N GREGORY
245
_a
MACROECONOMICS
250
_a
(5th ed.)
260
_c
2004
_a
New York
_b
Worth Publishers
300
_a
xxxiv, : 548
365
_c
RS
999
_c
405
_d
405